| 000 | 00000cas 2200000zi 4500 |
| 001 | 9.938407 |
| 003 | CaOODSP |
| 005 | 20260305065342 |
| 006 | m o d f |
| 007 | cr cn |||||||| |
| 008 | 240517c19959999oncmr p o f0 b0fre|d |
| 022 | |a2818-3142 |
| 040 | |aCaOODSP|bfre|erda|cCaOODSP |
| 043 | |an-cn--- |
| 086 | 1 |aF12-13F-PDF |
| 110 | 1 |aCanada. |bMinistère des finances, |eauteur, |eorganisme de publication. |
| 222 | 0|aRéserves officielles de liquidités internationales |
| 245 | 10|aRéserves officielles de liquidités internationales. |
| 264 | 1|aOttawa : |bMinistère des finances Canada = Department of Finance Canada, |c[1995]- |
| 310 | |aMensuel |
| 336 | |atexte|btxt|2rdacontent/fre |
| 337 | |ainformatique|bc|2rdamedia/fre |
| 338 | |aressource en ligne|bcr|2rdacarrier/fre |
| 362 | 1 |aParaît depuis : 5 janvier 1995. |
| 500 | |aPublié aussi en anglais sous le titre : Official international reserves. |
| 588 | |aDescription d'après : 5 janvier 1995; titre de l'en-tête de la version HTML. |
| 588 | |aDernière livraison consultée : 3 mai 2024. |
| 650 | 6|aRéserves de change|zCanada|vPériodiques. |
| 650 | 6|aChange|xAdministration|zCanada|vPériodiques. |
| 650 | 6|aPolitique monétaire|zCanada|vPériodiques. |
| 655 | 7|aPériodiques|2rvmgf |
| 775 | 08|tOfficial international reserves.|w(CaOODSP)9.938408 |
| 856 | 40|qHTML|sS.O.|uhttps://www.canada.ca/fr/ministere-finances/services/publications/reserves-officielles-internationales-mensuel.html |